| 000 | 00735cab a2200205 4500 | ||
|---|---|---|---|
| 001 | WB2408-23 | ||
| 008 | 090401t1988 xxu||||| |||| 00| 0 eng d | ||
| 035 | _a(Sirsi) u43129 | ||
| 041 | _aeng | ||
| 245 | _aSuccession to statutory tenancy | ||
| 260 | _c1988 | ||
| 350 | _a0 | ||
| 490 |
_aEstates Gazette _vno 8806, 13/2/88 p123 |
||
| 520 | _aBriefly discusses the rights of succession to a statutory tenancy, with reference to the recent decision Chios Property Investment Co Ltd v Lopez 28 October 1987 (See WB2344-23). | ||
| 650 | _aRENT ACT 1977 | ||
| 650 | _aPROPERTY-RESIDENTIAL PROPERTY-RESIDENTIAL LANDLORD AND TENANT-RESIDENTIAL TENANCIES | ||
| 690 |
_aLandlord and tenant _96252 |
||
| 942 | _n0 | ||
| 948 | _c04/03/1997 | ||
| 999 |
_c27576 _d27576 |
||